000 00810nam a2200301 4500
003 EC-UNACH
005 20251016115745.0
006 s||||gr|||| 00| 00
008 150116t9999 mx r gr 000 0 spa d
020 _a950-885-083-3
040 _aEC-UNACH
_cEC-UNACH
041 _aspa
082 0 4 _223
_a340.03
_bL005681
110 _aHeliasta
245 _aDiccionario Jurídico Elemental
250 _aPrimera Edición
264 _aColombia
_bHeliasta
_c1979
300 _a400
505 _aAbreviaturas Utilizadas
650 _aAcademia de la lengua española
650 _aAforismo
650 _aCodigo penal
700 _aGuillermo Cabanellas de Torres
942 _2ddc
_c1
999 _c14016